<?xml version="1.0" encoding="UTF-8"?>
<record
    xmlns:xsi="http://www.w3.org/2001/XMLSchema-instance"
    xsi:schemaLocation="http://www.loc.gov/MARC21/slim http://www.loc.gov/standards/marcxml/schema/MARC21slim.xsd"
    xmlns="http://www.loc.gov/MARC21/slim">

  <leader>00989nam a22002051a 4500</leader>
  <controlfield tag="001"> 84352</controlfield>
  <controlfield tag="003">BD-RjUL</controlfield>
  <controlfield tag="005">20241124123415.0</controlfield>
  <controlfield tag="008">241124s2023    bg ||||| m||| 001 0cara d</controlfield>
  <datafield tag="035" ind1=" " ind2=" ">
    <subfield code="a">[BD-RjUL] 84352</subfield>
  </datafield>
  <datafield tag="040" ind1=" " ind2=" ">
    <subfield code="a">DLC</subfield>
    <subfield code="b">BD-RjUL</subfield>
    <subfield code="d">BD-RjUL</subfield>
  </datafield>
  <datafield tag="041" ind1=" " ind2=" ">
    <subfield code="a">eng/ara</subfield>
  </datafield>
  <datafield tag="082" ind1=" " ind2=" ">
    <subfield code="2">23</subfield>
    <subfield code="a">297.1254109</subfield>
    <subfield code="b">TAM 2023</subfield>
  </datafield>
  <datafield tag="100" ind1="1" ind2=" ">
    <subfield code="a">&#x637;&#x64A;&#x628; &#x627;&#x644;&#x631;&#x62D;&#x645;&#x646;,   &#x634;&#x64A;&#x62E; &#x645;&#x62D;&#x645;&#x62F; ;; Tayeb Al Rahman, Sheikh Mohammed</subfield>
    <subfield code="9">14397</subfield>
  </datafield>
  <datafield tag="245" ind1="1" ind2="0">
    <subfield code="6">&#x645;&#x62D;&#x645;&#x62F; &#x628;&#x644;&#x627;&#x644; &#x62D;&#x633;&#x64A;&#x646; ;; Muhammad Belal Hossain</subfield>
    <subfield code="a">&#x645;&#x646;&#x647;&#x62C; &#x627;&#x644;&#x627;&#x645;&#x627;&#x645; &#x627;&#x644;&#x628;&#x62E;&#x627;&#x631;&#x64A; &#x641;&#x64A; &#x627;&#x64A;&#x631;&#x627;&#x62F; &#x627;&#x644;&#x623;&#x62D;&#x627;&#x62F;&#x64A;&#x62B; &#x627;&#x644;&#x645;&#x639;&#x644;&#x642;&#x647; &#x641;&#x64A; &#x62A;&#x631;&#x627;&#x62C;&#x645; &#x627;&#x628;&#x648;&#x627;&#x628; &#x635;&#x62D;&#x64A;&#x62D;&#x647;  =An Analytical study of the Methods of Imam  al- Bukhari in the  use of al- Hadith Al- Muallaq in Tarjama al- Bab of his Sahih  /</subfield>
    <subfield code="c">&#x634;&#x64A;&#x62E; &#x645;&#x62D;&#x645;&#x62F; &#x637;&#x64A;&#x628; &#x627;&#x644;&#x631;&#x62D;&#x645;&#x646; ;;  Sheikh Mohammed Tayeb Al Rahman</subfield>
  </datafield>
  <datafield tag="300" ind1=" " ind2=" ">
    <subfield code="a">259+ 14 p. ;</subfield>
    <subfield code="c">29 cm</subfield>
  </datafield>
  <datafield tag="502" ind1=" " ind2=" ">
    <subfield code="a">PHD- Thesis [  Department of  islamic studies , R.U. ]</subfield>
  </datafield>
  <datafield tag="700" ind1=" " ind2=" ">
    <subfield code="a"> Belal Hossain,  Muhammad </subfield>
    <subfield code="9">14398</subfield>
  </datafield>
  <datafield tag="942" ind1=" " ind2=" ">
    <subfield code="2">ddc</subfield>
    <subfield code="c">THE</subfield>
  </datafield>
  <datafield tag="999" ind1=" " ind2=" ">
    <subfield code="c">84352</subfield>
    <subfield code="d">84352</subfield>
  </datafield>
  <datafield tag="952" ind1=" " ind2=" ">
    <subfield code="1">0</subfield>
    <subfield code="2">ddc</subfield>
    <subfield code="4">0</subfield>
    <subfield code="7">1</subfield>
    <subfield code="8">THESES</subfield>
    <subfield code="a">RUCL</subfield>
    <subfield code="b">RUCL</subfield>
    <subfield code="c">REF</subfield>
    <subfield code="d">2024-11-20</subfield>
    <subfield code="e">Islamic Studies , R.U.</subfield>
    <subfield code="o"> A  THE    297.1254109 TAM 2023</subfield>
    <subfield code="p">D5031</subfield>
    <subfield code="r">2024-11-24 00:00:00</subfield>
    <subfield code="t">C-1 </subfield>
    <subfield code="y">THE</subfield>
  </datafield>
</record>
